000 00329nam a22001457a 4500
008 210430b ||||| |||| 00| 0 eng d
020 _a2900199773557
041 _aeng
080 _22nd
_a316
082 _a316
100 _a50
101 _aSOC
245 _aThe Fundamentals of Ethics
_cRuss Shafer-Landau
942 _2udc
_cBK
999 _c57057
_d57057